000 01789nam a2200337 i 4500
003 EG-GICUC
005 20260210184351.0
008 260210s1990 ua ||||fr|||| 00| 0 ara d
040 _a EG-GICUC
_bara
_c EG-GICUC
_d EG-GICUC
_erda
041 0 _aara
082 0 4 _a343.421
_bا ل . ق
_221
092 0 4 _221
099 _aLaw1 10 343.421 ا ل . ق 3 ed - 1990 1006184
100 0 _aالسيد خلف محمد
_eمؤلف.
245 1 0 _aقضاء المخدرات :
_bوقواعد الضبط والتفتيش وتسبيب الأحكام /
_cالسيد خلف محمد.
250 _aالطبعة الثالثة،
264 3 _aالقاهرة :
_bدار الطباعة الحديثة،
_c1990.
300 _a618 صفحة ؛
_c24 سم.
_bإيضاحيات، صور، مثيليات ؛
336 _2rda content
_atext
337 _2rda media
_aComputer
338 _2rda carrier
_aOnline Resource
500 _aيضمن التعليق على نصوص قانون المخدرات المعدل بالقانون الجديد رقم 122 لسنة 1989 بالمقارنة بأحكام الشريعة الإسلامية، وقواعد الضبط والتفتيش والتلبس وبطلان التفتش وأثره، وتسبيب الأحكام في جرائم المخدرات والعيوب التي تشوبها في ضوء الفقه وأحكام النقض حتی نهاية مايو سنة ۱۹89.
504 _aيشتمل على ارجاعات ببليوجرافية.
546 _aالنص باللغة العربية
650 1 4 _a التشريعات المتعلقة بالمخدرات
_2qrmak
650 1 4 _aالقانون الجنائي
_2qrmak
651 1 _2qrmak
856 4 0 _uhttps://fll.law.cu.edu.eg/fulltext/bks/B10-06184.pdf
905 _a18
942 _2ddc
_cBK
_e21
_n0
999 _c62481
_d62481